| 000 | 01461nam a2200301Ia 4500 | ||
|---|---|---|---|
| 003 | OSt | ||
| 005 | 20201015131635.0 | ||
| 008 | 191128s2002 ck gr 000 0 spa d | ||
| 020 | _a9588075505 | ||
| 040 |
_aCO-JMCR _cCO-JMCR |
||
| 041 | 0 | _aspa | |
| 082 | 0 | 4 |
_a658.401 / _bP153d _223 |
| 082 | _b | ||
| 100 | 1 |
_aPalacios Botero, Francisco Alonso, _eautor _911577 |
|
| 245 | 1 | 0 |
_aDirección y planeación estratégicas / _cFrancisco Alonso Palacios Botero |
| 250 | _aPrimera edición | ||
| 260 |
_aMedellín : _bBiblioteca Jurídica Diké, _c2002. |
||
| 300 |
_a177 páginas ; _c24 cm. |
||
| 500 | _aIncluye bibliografía. Incluye índice temático. | ||
| 505 | 0 | _aLa planeación y la gestión estratégicas corporativas -- Fundamentos filosóficos de la organización -- El mundo real -- El mundo de las decisiones -- El mundo de la gestión -- Formulación y contenido del plan estratégico corporativo | |
| 520 | 0 | _aEn este libro el autor presenta de manera ordenada y concisa los conceptos fundamentales de la dirección y la planeación estrátegicas. Las actividades de las empresas se desarrollan en un universo compuesto por cuatro grandes campos que interactúan entre | |
| 650 | 2 | 4 |
_aAdministración de empresas _xEmpresas _911578 |
| 650 | 2 | 4 |
_aDirección y administración _911579 |
| 650 | 2 | 4 |
_a Planificación estratégica _9262 |
| 650 | 2 | 4 |
_a Planificación empresarial _9263 |
| 650 | 2 | 4 |
_aCultura corporativa _911580 |
| 942 |
_2ddc _cBK |
||
| 999 |
_c3774 _d3774 |
||